Top 20 Most Populous Cities in Asia - Statistics

General Stats
  • This quiz has been taken 52 times
  • The average score is 15 of 20
Answer Stats
Population Answer Rank % Correct
37 M Tokyo 1st
100%
22 M Beijing 8th
94%
11 M Jakarta 28th
92%
21 M Mumbai 9th
92%
33 M New Delhi 2nd
92%
11 M Bangkok 31st
86%
14 M Guangzhou 19th
86%
14 M Manila 18th
86%
29 M Shanghai 3rd
86%
17 M Karachi 12th
81%
18 M Osaka 10th
81%
23 M Dhaka 4th
75%
12 M Chennai 26th
67%
15 M Kolkata 17th
67%
14 M Bangalore 22nd
61%
14 M Lahore 21st
58%
11 M Hyderabad 32nd
50%
14 M Tianjin 20th
47%
17 M Chongqing 11th
42%
13 M Shenzhen 24th
42%
No matching quizzes found
Score Distribution
Percent of People with Each Score
Percentile by Number Answered
Your Score History
You have not taken this quiz